| 000 | 00488nam a22001457a 4500 | ||
|---|---|---|---|
| 020 | _qHard Cover. | ||
| 082 | _a658 | ||
| 100 | _aIqrash Muhammad, Awan | ||
| 245 |
_aDeterminant of Inward FDI in Bangladesh, Pakistan and Sri Lanka: _bAn overview and policy implications _cMuhammad Iqrash Awan |
||
| 260 |
_aIslamabad: _bNBS - NUST, _c2014. |
||
| 300 |
_a44 p. : ill. ; _c30cm. |
||
| 650 |
_aMBA Thesis _917629 |
||
| 942 |
_2ddc _cTHE |
||
| 999 |
_c527447 _d527447 |
||